Statistics for Australian Rugby - 100 or more Caps

Click here to take the quiz!

General Stats

  • This quiz has been taken 282 times
    (50 since last reset)
  • The average score is 6 of 11

Answer Stats

Caps Player % Correct
139George Gregan
95%
111George Smith
74%
102Stephen Larkham
74%
101David Campese
67%
129Stephen Moore
64%
121Adam Ashley-Cooper
60%
116Nathan Sharpe
50%
110Sekope Kepu
48%
103Matt Giteau
38%
109Will Genia
33%
100Rob Simmons
17%

Score Distribution

Percentile by Number Answered

Percent of People with Each Score

Your Score History

You have not taken this quiz since the last reset